| 000 | 00507nam a2200121Ia 4500 | ||
|---|---|---|---|
| 008 | 171212s9999 xx 000 0 und d | ||
| 020 | _a9780833081230 | ||
| 100 | _aDaugherty, Lindsay;Miller, Trey;Dossani, Rafiq;Clifford, Megan | ||
| 245 |
_cDaugherty, Lindsay;Miller, Trey;Dossani, Rafiq;Clifford, Megan _aBuilding the Links Between Funding and Quality in Higher Education _bIndia's Challenge |
||
| 260 |
_bRAND Corporation _c2013 |
||
| 650 | _aEducation | ||
| 856 | _uwww.jstor.org/stable/10.7249/j.ctt4cgdp9 | ||
| 999 |
_c351822 _d351822 |
||